Drapeaux des villes de France - Statistiques

Statistiques générales
  • Ce quiz a été pris 156 fois
  • Le résultat moyen est 6 sur 7
Statistiques - réponses
Par images Réponse % Correct
Paris
93%
Lyon
89%
Marseille
88%
Nantes
86%
Rennes
86%
Nice
64%
Strasbourg
57%
Aucun quiz correspondant
Distribution des résultats
% des personnes avec chaque résultat
Percentile par nombre de réponses
Votre historique - résultats
Vous n’avez pas pris ce quiz